Program on U.S., Japan relations : Annual report 1980-1981

Saved in:
Bibliographic Details
Format: Book
Language:Undetermined
Published: New York Center for International Affairs Harvard University 1981
Subjects:
Tags: Add Tag
No Tags, Be the first to tag this record!
Institutions: Trung tâm Học liệu Trường Đại học Cần Thơ
LEADER 00561nam a2200193Ia 4500
001 CTU_97022
008 210402s9999 xx 000 0 und d
082 |a 382.952073 
082 |b P962 
245 0 |a Program on U.S., Japan relations : 
245 0 |b Annual report 1980-1981 
260 |a New York 
260 |b Center for International Affairs Harvard University 
260 |c 1981 
650 |a Investments, Japanese 
650 |x Government policy 
650 |z United States 
904 |i Năm 
980 |a Trung tâm Học liệu Trường Đại học Cần Thơ